LEADER 01554oam 2200469zu 450 001 996216750603316 005 20210807004533.0 010 $a1-4577-1073-0 010 $a1-4577-1071-4 035 $a(CKB)3420000000000253 035 $a(SSID)ssj0000702776 035 $a(PQKBManifestationID)12261586 035 $a(PQKBTitleCode)TC0000702776 035 $a(PQKBWorkID)10687318 035 $a(PQKB)10867850 035 $a(EXLCZ)993420000000000253 100 $a20160829d2012 uy 101 0 $aeng 181 $ctxt 182 $cc 183 $acr 200 10$a2012 12th IEEE International Workshop on Advanced Motion Control 210 31$a[Place of publication not identified]$cIEEE$d2012 300 $aBibliographic Level Mode of Issuance: Monograph 311 $a1-4577-1072-2 606 $aIntelligent control systems$vCongresses 606 $aMotion control devices$vCongresses 606 $aElectrical & Computer Engineering$2HILCC 606 $aEngineering & Applied Sciences$2HILCC 606 $aElectrical Engineering$2HILCC 615 0$aIntelligent control systems 615 0$aMotion control devices 615 7$aElectrical & Computer Engineering 615 7$aEngineering & Applied Sciences 615 7$aElectrical Engineering 676 $a629.8/95 712 12$aInternational Workshop on Advanced Motion Control 801 0$bPQKB 906 $aPROCEEDING 912 $a996216750603316 996 $a2012 12th IEEE International Workshop on Advanced Motion Control$92506074 997 $aUNISA LEADER 01199nas 22003973a 450 001 996212098703316 005 20220611213021.0 011 $a1945-5925 035 $a(OCoLC)259707789 035 $a(CKB)1000000000440306 035 $a(CONSER)--2008213802 035 $a(EXLCZ)991000000000440306 100 $a20081001a20089999 s-- a 101 0 $aeng 135 $aur||||||||||| 181 $ctxt$2rdacontent 182 $cc$2rdamedia 183 $acr$2rdacarrier 200 04$aThe business of global warming 210 $aAtlanta, GA $cNewsRX 311 $a1945-5917 531 $aBUSINESS OF GLOBAL WARMING 606 $aGlobal warming$vPeriodicals 606 $aGlobal warming$xEconomic aspects$vPeriodicals 606 $aGlobal warming$2fast$3(OCoLC)fst00943506 606 $aGlobal warming$xEconomic aspects$2fast$3(OCoLC)fst00943509 608 $aPeriodicals.$2fast 615 0$aGlobal warming 615 0$aGlobal warming$xEconomic aspects 615 7$aGlobal warming. 615 7$aGlobal warming$xEconomic aspects. 676 $a363.738 906 $aJOURNAL 912 $a996212098703316 996 $aThe business of global warming$92424393 997 $aUNISA